New edition market leader

Na minha lista:
Detalhes bibliográficos
Autor principal: John Rogers
Formato: online
Publicado em: 2005
Tags: Adicionar Tag
Sem tags, seja o primeiro a adicionar uma tag!
Thư viện lưu trữ: Mạng thư viện Đại học Đà Nẵng
LEADER 00689na a2200217 4500
001 000032771
003 8892
005 20151002110559.0
008 151002s2005 000
082 |a 420.3 
100 |a John Rogers 
245 |a New edition market leader  |c John Rogers 
260 |c 2005 
OWN |a LNN 
AVA |a UDN50  |b LNN  |d 420.3  |e available  |t Error 5001 Not defined in file expand_doc_bib_avail.  |f 2  |g 0  |h N  |i 0  |k 1 
999 |a From the UDN01 
AVA |a UDN50  |b LNN  |d 420.3  |e available  |t Error 5001 Not defined in file expand_doc_bib_avail.  |f 2  |g 0  |h N  |i 0  |k 1 
TYP |a Printed language 
980 |a Mạng thư viện Đại học Đà Nẵng